[Event "RUS-chT Seniors"]
[Site "Sochi"]
[Date "2018.05.05"]
[Round "5.2"]
[White "Mednikov, Gennadiy"]
[Black "Lisenko, Alexander V"]
[Result "1-0"]
[WhiteElo "2110"]
[BlackElo "2363"]
[PlyCount "139"]
[EventDate "2018.05.01"]
[EventType "team-tourn"]
[EventRounds "10"]
[EventCountry "RUS"]
[SourceTitle "EXT 2019"]
[Source "ChessBase"]
[SourceDate "2018.10.10"]
[SourceVersion "1"]
[SourceVersionDate "2018.10.10"]
[SourceQuality "1"]
[WhiteTeam "Sochi Center"]
[BlackTeam "Sima Lend"]
[WhiteTeamCountry "RUS"]
[BlackTeamCountry "RUS"]

1. d4 Nf6 2. Bf4 e6 3. e3 c5 4. Nf3 Be7 5. h3 0-0 6. Nbd2 b6 7. c3 Bb7 8. Bd3 d6 9. 0-0 Nc6 10. Qe2 Re8 11. Rad1 h6 12. Bh2 Bf8 13. a3 Rc8 14. Ba6 Qd7 15. Rfe1 cxd4 16. exd4 Bxa6 17. Qxa6 b5 18. Qxb5 Rb8 19. Qd3 Rxb2 20. Nc4 Rb7 21. Rb1 Reb8 22. Rxb7 Rxb7 23. Rb1 Rxb1+ 24. Qxb1 d5 25. Nce5 Nxe5 26. Nxe5 Qc8 27. Qd3 Bxa3 28. c4 Bd6 29. c5 Bxe5 30. Bxe5 Nd7 31. Qb5 a6 32. Qa5 Qc6 33. Qd8+ Kh7 34. Bd6 Qb5 35. Qc7 a5 36. c6 Nb8 37. Qxb8 Qxc6 38. Qc7 Qa6 39. Bc5 Kg8 40. Qd8+ Kh7 41. Qb6 Qc4 42. g3 a4 43. Qb4 Qc2 44. Qa3 f6 45. Qe3 e5 46. Bd6 Qd1+ 47. Kg2 exd4 48. Qf3 Qc2 49. Qxd5 d3 50. Bf8 Kg6 51. Qe4+ f5 52. Qe6+ Kh7 53. Qxf5+ Kg8 54. Bc5 Qc4 55. Qf8+ Kh7 56. Qd6 Qe4+ 57. Kh2 a3 58. Bd4 a2 59. Qd7 Qg6 60. Ba1 Kg8 61. f4 Kf8 62. f5 Qb6 63. Qxg7+ Ke8 64. Qg8+ Kd7 65. Qxa2 Qd6 66. Qe6+ Qxe6 67. fxe6+ Kxe6 68. Bc3 Kf5 69. Bd2 h5 70. Kg2 1-0

[Event "Sochi Doroshkevich Amateur op"]
[Site "Sochi"]
[Date "2017.12.22"]
[Round "2"]
[White "Karapetian, Albert"]
[Black "Mednikov, Gennadiy"]
[Result "1/2-1/2"]
[WhiteElo "1916"]
[BlackElo "2144"]
[PlyCount "98"]
[EventDate "2017.12.21"]
[EventType "swiss"]
[EventRounds "9"]
[EventCountry "RUS"]
[SourceTitle "CBM 182 Extra"]
[Source "ChessBase"]
[SourceDate "2018.02.23"]
[SourceVersion "1"]
[SourceVersionDate "2018.02.23"]
[SourceQuality "1"]

1. Nf3 d5 2. g3 Nf6 3. Bg2 Nc6 4. c4 d4 5. d3 e5 6. 0-0 Bd6 7. a3 a5 8. Nbd2 0-0 9. Rb1 Re8 10. Qc2 Nd7 11. Ne4 Bf8 12. c5 h6 13. b4 axb4 14. axb4 f5 15. Qb3+ Kh8 16. Nh4 Nf6 17. Ng6+ Kh7 18. Nxf8+ Rxf8 19. Nd2 Qe7 20. Nc4 Be6 21. Bd2 e4 22. Qc2 Bd5 23. b5 Ne5 24. Nxe5 Qxe5 25. Bf4 Qe7 26. b6 cxb6 27. Bd6 Qf7 28. Bxf8 Rxf8 29. cxb6 e3 30. Bxd5 Qxd5 31. Qc4 exf2+ 32. Rxf2 Qd7 33. Qb5 Qe7 34. Qb4 Qd8 35. Qc5 Ng4 36. Rxf5 Re8 37. Rf4 Ne3 38. Qxd4 Qg5 39. Rc1 Nd5 40. Rcf1 Nxf4 41. Qxf4 Qc5+ 42. Qf2 Qc2 43. Qf5+ Kh8 44. Rf2 Qb1+ 45. Kg2 Qxb6 46. Qd7 Rd8 47. Qe7 Qc6+ 48. Kh3 Qc8+ 49. Kg2 Re8 1/2-1/2

[Event "RUS-chT Seniors"]
[Site "Sochi"]
[Date "2017.05.03"]
[Round "3.1"]
[White "Mednikov, Gennadiy"]
[Black "Karasev, Vladimir I"]
[Result "0-1"]
[WhiteElo "2176"]
[BlackElo "2355"]
[PlyCount "94"]
[EventDate "2017.05.01"]
[EventType "team-tourn"]
[EventRounds "10"]
[EventCountry "RUS"]
[SourceTitle "CBM 178 Extra"]
[Source "ChessBase"]
[SourceDate "2017.06.22"]
[SourceVersion "1"]
[SourceVersionDate "2017.06.22"]
[SourceQuality "1"]

1. d4 Nf6 2. Bf4 d6 3. Nc3 Nbd7 4. Nf3 c5 5. e3 Nh5 6. Bg5 h6 7. Bh4 g5 8. Nd2 cxd4 9. exd4 Ng7 10. Bg3 Nf5 11. Nde4 Bg7 12. d5 Qb6 13. Rb1 Nxg3 14. hxg3 0-0 15. Bd3 f5 16. Nd2 Ne5 17. 0-0 Nxd3 18. cxd3 Bd7 19. Re1 Rae8 20. Qh5 Qd4 21. Re3 b5 22. Rbe1 b4 23. Nb3 Qf6 24. Nd1 Qf7 25. Qf3 Bf6 26. R3e2 Rb8 27. Ne3 Bg7 28. Nc4 Rfe8 29. Ne3 Rb5 30. Nc4 Bf6 31. Ne3 Be5 32. d4 Bg7 33. Nc4 g4 34. Qd3 Rxd5 35. Ne3 Bb5 36. Qd2 Bxe2 37. Nxd5 Qxd5 38. Rxe2 a5 39. Qe3 a4 40. Nd2 e5 41. Qd3 e4 42. Qc2 Qxa2 43. Qc6 Rf8 44. Qxd6 Qxb2 45. Qa6 a3 46. Nf3 Qc1+ 47. Re1 Qc3 0-1

[Event "RUS-chT Seniors final"]
[Site "Sochi"]
[Date "2016.05.02"]
[Round "2.3"]
[White "Ostashevsky, Gennady"]
[Black "Mednikov, Gennadiy"]
[Result "0-1"]
[WhiteElo "2125"]
[BlackElo "2118"]
[PlyCount "66"]
[EventDate "2016.05.01"]
[EventType "team-tourn"]
[EventRounds "9"]
[EventCountry "RUS"]
[SourceTitle "EXT 2018"]
[Source "ChessBase"]
[SourceDate "2017.10.13"]
[SourceVersion "1"]
[SourceVersionDate "2017.10.13"]
[SourceQuality "1"]
[WhiteTeam "Samara Zhiguli Seniors"]
[BlackTeam "Sochi Kind Hearts"]
[WhiteTeamCountry "RUS"]
[BlackTeamCountry "RUS"]

1. Nf3 d5 2. c4 d4 3. g3 Nc6 4. Bg2 e5 5. d3 Bc5 6. a3 a5 7. Qa4 Bd7 8. Nbd2 Nf6 9. 0-0 0-0 10. Qc2 Re8 11. h3 h6 12. Kh2 Bf5 13. Ne4 Bf8 14. Bd2 Nd7 15. Rab1 Bh7 16. g4 a4 17. Rg1 Nc5 18. g5 Nb3 19. gxh6 Nxd2 20. Qxd2 gxh6 21. Kh1 f5 22. Ng3 e4 23. dxe4 fxe4 24. Nh2 e3 25. fxe3 Bxb1 26. Bd5+ Kh8 27. Rxb1 dxe3 28. Qc2 Ra5 29. Rd1 Qg5 30. Ne4 Qh4 31. c5 Bg7 32. Rg1 Re5 33. Rxg7 Kxg7 0-1

[Event "RUS-chT Seniors final"]
[Site "Sochi"]
[Date "2016.05.01"]
[Round "1.2"]
[White "Mednikov, Gennadiy"]
[Black "Fradkin, Boris"]
[Result "1/2-1/2"]
[WhiteElo "2118"]
[BlackElo "2387"]
[PlyCount "50"]
[EventDate "2016.05.01"]
[EventType "team-tourn"]
[EventRounds "9"]
[EventCountry "RUS"]
[SourceTitle "EXT 2018"]
[Source "ChessBase"]
[SourceDate "2017.10.13"]
[SourceVersion "1"]
[SourceVersionDate "2017.10.13"]
[SourceQuality "1"]
[WhiteTeam "Sochi Kind Hearts"]
[BlackTeam "Ekaterinburg Malachite"]
[WhiteTeamCountry "RUS"]
[BlackTeamCountry "RUS"]

1. d4 Nf6 2. Bf4 g6 3. Nc3 d6 4. Qd2 Nbd7 5. Nf3 Bg7 6. Bh6 0-0 7. Bxg7 Kxg7 8. 0-0-0 c5 9. e4 cxd4 10. Nxd4 a6 11. h4 Nc5 12. h5 Ng8 13. hxg6 hxg6 14. f3 e5 15. Nb3 Nxb3+ 16. axb3 Be6 17. f4 exf4 18. Qxf4 Qf6 19. Qh2 Qg5+ 20. Kb1 Qh6 21. Qg1 Qg5 22. Qh2 Qh6 23. Qg1 Qg5 24. Qh2 Qh6 25. Qg1 Qg5 1/2-1/2

[Event "Sochi Tseshkovsky Memorial op"]
[Site "Sochi"]
[Date "2014.09.21"]
[Round "5"]
[White "Mednikov, Gennadiy"]
[Black "Krapivin, Vladimir"]
[Result "1-0"]
[WhiteElo "2117"]
[BlackElo "1894"]
[PlyCount "99"]
[EventDate "2014.09.17"]
[EventType "swiss"]
[EventRounds "9"]
[EventCountry "RUS"]
[SourceTitle "CBM 162 Extra"]
[Source "ChessBase"]
[SourceDate "2014.10.17"]
[SourceVersion "1"]
[SourceVersionDate "2014.10.17"]
[SourceQuality "1"]

1. d4 Nf6 2. Bf4 g6 3. Nf3 Bg7 4. e3 d5 5. h3 0-0 6. Nbd2 b6 7. c3 Bb7 8. Bd3 Nbd7 9. 0-0 Ne4 10. Qe2 c5 11. Ba6 Qc8 12. Bxb7 Qxb7 13. Nxe4 dxe4 14. Nd2 Rac8 15. f3 exf3 16. Qxf3 Qxf3 17. Nxf3 Nf6 18. Rae1 Ne4 19. Ng5 Nxg5 20. Bxg5 Rfe8 21. Rd1 cxd4 22. exd4 Rc7 23. Rfe1 Kf8 24. Re4 Rd7 25. Rde1 e6 26. Bf4 Red8 27. Bg5 Rc8 28. Rf1 Kg8 29. Bf6 Bxf6 30. Rxf6 Kg7 31. Rf3 Rd5 32. Kf2 h5 33. Ke3 Rg5 34. g3 Rc7 35. Kd3 a6 36. c4 Ra5 37. a3 Ra4 38. d5 exd5 39. cxd5 Rxe4 40. Kxe4 f6 41. d6 Rc8 42. Kd5 Kf7 43. Rc3 Rxc3 44. bxc3 Ke8 45. Ke6 f5 46. h4 Kd8 47. d7 b5 48. Kd6 a5 49. Ke6 a4 50. Kd6 1-0

[Event "Doroshkevich Memorial op"]
[Site "Sochi"]
[Date "2012.12.01"]
[Round "6"]
[White "Mednikov, Gennadiy"]
[Black "Panarin, Mikhail"]
[Result "0-1"]
[WhiteElo "2182"]
[BlackElo "2563"]
[PlyCount "100"]
[EventDate "2012.11.26"]
[EventType "swiss"]
[EventRounds "9"]
[EventCountry "RUS"]
[SourceTitle "EXT 2014"]
[Source "ChessBase"]
[SourceDate "2013.11.20"]
[SourceVersion "1"]
[SourceVersionDate "2013.11.20"]
[SourceQuality "1"]

1. d4 Nf6 2. Bf4 g6 3. e3 Bg7 4. Nf3 d6 5. h3 0-0 6. Be2 b6 7. 0-0 Bb7 8. Nbd2 Nbd7 9. c3 Qe8 10. b4 Nd5 11. Qc2 Nxf4 12. exf4 e5 13. fxe5 dxe5 14. Rfe1 exd4 15. cxd4 Qd8 16. Rac1 Bh6 17. Rcd1 Nf6 18. Nc4 Nd5 19. Qb3 Nf4 20. Bf1 Bd5 21. Qc3 Bg7 22. Nfe5 Qc8 23. b5 a6 24. Nc6 Bf6 25. Ne7+ Bxe7 26. Rxe7 Qd8 27. Ree1 axb5 28. Ne5 Rxa2 29. Qe3 Qg5 30. g3 Ne6 31. Bxb5 Qxe3 32. Rxe3 Rfa8 33. Bc6 Rd2 34. Ree1 Rxd1 35. Rxd1 Ra5 36. Bxd5 Rxd5 37. Nf3 Kf8 38. Rc1 Ke7 39. Kf1 Kd6 40. Rc4 f6 41. h4 Ra5 42. Ke2 Kd5 43. Rb4 b5 44. Ke3 Ra3+ 45. Ke2 c6 46. Rb2 Ra4 47. Ke3 Nxd4 48. Nxd4 Rxd4 49. Ra2 Re4+ 50. Kd3 Ra4 0-1

[Event "Eisk Azovskie Zori op"]
[Site "Eisk"]
[Date "2011.06.15"]
[Round "9"]
[White "Mednikov, Gennadiy"]
[Black "Kurnaev, Vladimir"]
[Result "1-0"]
[WhiteElo "2179"]
[BlackElo "2002"]
[PlyCount "71"]
[EventDate "2011.06.05"]
[EventType "swiss"]
[EventRounds "9"]
[EventCountry "RUS"]
[SourceTitle "EXT 2012"]
[Source "ChessBase"]
[SourceDate "2011.11.24"]
[SourceVersion "1"]
[SourceVersionDate "2011.11.24"]
[SourceQuality "1"]

1. d4 e6 2. Bf4 Nf6 3. e3 d5 4. Nd2 Be7 5. Bd3 0-0 6. Ngf3 b6 7. Qe2 Bb7 8. Ne5 c5 9. c3 Nc6 10. Qf3 Nxe5 11. dxe5 Ne8 12. Qh5 f5 13. g4 g6 14. Qh6 d4 15. gxf5 exf5 16. Bc4+ Bd5 17. 0-0-0 Kh8 18. Bxd5 Qxd5 19. Bg5 dxc3 20. Bxe7 cxd2+ 21. Rxd2 Qxh1+ 22. Rd1 Qxd1+ 23. Kxd1 Rg8 24. e6 Ng7 25. Bf6 Raf8 26. Qg5 Rxf6 27. Qxf6 Re8 28. Qf7 h5 29. e7 Kh7 30. h4 a6 31. Ke2 b5 32. Kf3 c4 33. Kf4 Kh6 34. Ke5 Rb8 35. Qf8 Re8 36. Kf6 1-0

[Event "Eisk Azovskie Zori op"]
[Site "Eisk"]
[Date "2011.06.09"]
[Round "5"]
[White "Mednikov, Gennadiy"]
[Black "Fomichev, Sergey"]
[Result "1/2-1/2"]
[WhiteElo "2179"]
[BlackElo "2009"]
[PlyCount "55"]
[EventDate "2011.06.05"]
[EventType "swiss"]
[EventRounds "9"]
[EventCountry "RUS"]
[SourceTitle "EXT 2012"]
[Source "ChessBase"]
[SourceDate "2011.11.24"]
[SourceVersion "1"]
[SourceVersionDate "2011.11.24"]
[SourceQuality "1"]

1. d4 Nf6 2. Bf4 d6 3. e3 g6 4. h3 Bg7 5. Nf3 c6 6. c3 Bf5 7. Bd3 Bxd3 8. Qxd3 Nbd7 9. Nbd2 0-0 10. 0-0 Nd5 11. Bh2 e5 12. c4 Nc7 13. Qa3 c5 14. dxc5 dxc5 15. Ne4 Qe7 16. Rad1 b6 17. Qa4 Rfd8 18. Qc6 Nf8 19. Bg3 Ne8 20. Bh4 f6 21. Rd5 Rac8 22. Qa4 Nc7 23. Rxd8 Qxd8 24. Rd1 Qe8 25. Qxa7 Qc6 26. Nd6 Ra8 27. Qb7 Qxb7 28. Nxb7 1/2-1/2

[Event "Eisk Azovskie Zori op"]
[Site "Eisk"]
[Date "2011.06.08"]
[Round "4"]
[White "Nevolin, Viktor"]
[Black "Mednikov, Gennadiy"]
[Result "0-1"]
[WhiteElo "1774"]
[BlackElo "2179"]
[PlyCount "92"]
[EventDate "2011.06.05"]
[EventType "swiss"]
[EventRounds "9"]
[EventCountry "RUS"]
[SourceTitle "EXT 2012"]
[Source "ChessBase"]
[SourceDate "2011.11.24"]
[SourceVersion "1"]
[SourceVersionDate "2011.11.24"]
[SourceQuality "1"]

1. e4 d5 2. exd5 Qxd5 3. Nc3 Qd6 4. d4 Nf6 5. Nf3 a6 6. h3 e6 7. Be3 Nbd7 8. Bd3 Be7 9. 0-0 c5 10. Re1 0-0 11. Qd2 b5 12. Ne4 Qc7 13. dxc5 Nxc5 14. Nxc5 Bxc5 15. Bxc5 Qxc5 16. Re5 Nd5 17. Qg5 f5 18. g4 fxg4 19. Qxg4 Ra7 20. Qh4 h6 21. Ng5 Qe7 22. Qh5 Qf6 23. Ne4 Qf4 24. Kf1 Ne3+ 25. Ke2 Nf5 26. Rc5 Bb7 27. Qg4 Nd4+ 28. Ke1 Bxe4 29. Qxf4 Rxf4 30. Rc8+ Kh7 31. Bxe4+ Rxe4+ 32. Kd2 Rd7 33. Kc3 Re2 34. Rc1 Rxf2 35. Kb4 e5 36. Re8 Rxc2 37. Rxc2 Nxc2+ 38. Kc3 Rc7+ 39. Kb3 Rc4 40. a3 e4 41. Ka2 e3 42. Kb1 a5 43. b3 Rc3 44. Kb2 b4 45. axb4 axb4 46. h4 Nd4 0-1

[Event "Anapa op-B"]
[Site "Anapa"]
[Date "2010.09.08"]
[Round "7"]
[White "Mednikov, Gennadiy"]
[Black "Spassky, Vladimir"]
[Result "1/2-1/2"]
[WhiteElo "2207"]
[BlackElo "1822"]
[PlyCount "89"]
[EventDate "2010.08.31"]
[EventType "swiss"]
[EventRounds "9"]
[EventCountry "RUS"]
[SourceTitle "EXT 2013"]
[Source "ChessBase"]
[SourceDate "2012.11.22"]
[SourceVersion "1"]
[SourceVersionDate "2012.11.22"]
[SourceQuality "1"]

1. d4 d5 2. Bf4 Nf6 3. e3 e6 4. Nd2 Nbd7 5. Ngf3 Be7 6. Bd3 0-0 7. c3 b6 8. Ne5 Bb7 9. Qf3 c5 10. Qh3 c4 11. Bc2 b5 12. g4 g6 13. Bh6 Re8 14. f4 Ne4 15. Nxe4 dxe4 16. 0-0 f5 17. Rad1 Nxe5 18. fxe5 Bd5 19. Rd2 Bf8 20. gxf5 exf5 21. Rg2 Bxh6 22. Qxh6 Qd7 23. h4 Qf7 24. h5 Re6 25. hxg6 Rxg6 26. Rxg6+ Qxg6+ 27. Qxg6+ hxg6 28. b3 Rc8 29. b4 Kg7 30. Kg2 Rh8 31. Kg3 a6 32. a4 Kf7 33. axb5 axb5 34. Ra1 Ra8 35. Ra5 Rb8 36. Ra6 Ra8 37. Ra5 Rxa5 38. bxa5 g5 39. a6 Ke6 40. Bd1 g4 41. Bc2 Bc6 42. Kf4 Bd5 43. a7 Bc6 44. Bd1 Bd5 45. Bc2 1/2-1/2

[Event "Anapa op-B"]
[Site "Anapa"]
[Date "2010.09.03"]
[Round "3"]
[White "Mednikov, Gennadiy"]
[Black "Kulikov, Fedor"]
[Result "1-0"]
[WhiteElo "2207"]
[BlackElo "1877"]
[PlyCount "53"]
[EventDate "2010.08.31"]
[EventType "swiss"]
[EventRounds "9"]
[EventCountry "RUS"]
[SourceTitle "EXT 2013"]
[Source "ChessBase"]
[SourceDate "2012.11.22"]
[SourceVersion "1"]
[SourceVersionDate "2012.11.22"]
[SourceQuality "1"]

1. d4 Nf6 2. Bf4 e6 3. e3 Be7 4. Nd2 0-0 5. Bd3 c5 6. c3 d5 7. Ngf3 Nc6 8. Ne5 Nxe5 9. dxe5 Nd7 10. Qh5 f5 11. g4 c4 12. Bc2 Nc5 13. gxf5 exf5 14. Rg1 Qe8 15. Qh3 Be6 16. 0-0-0 b5 17. Nf3 b4 18. cxb4 Nd3+ 19. Bxd3 cxd3 20. Rxd3 Rc8+ 21. Kb1 Bxb4 22. Ng5 h5 23. Nxe6 Qxe6 24. Qxh5 Qc6 25. Rdd1 Qc2+ 26. Ka1 Bc3 27. Rxg7+ 1-0

[Event "Voronezh op-B 14th"]
[Site "Voronezh"]
[Date "2010.06.15"]
[Round "4"]
[White "Mednikov, Gennadiy"]
[Black "Kasantsev, Anatolij B"]
[Result "0-1"]
[WhiteElo "2235"]
[BlackElo "2048"]
[PlyCount "62"]
[EventDate "2010.06.12"]
[EventType "swiss"]
[EventRounds "9"]
[EventCountry "RUS"]
[SourceTitle "CBM 137 Extra"]
[Source "ChessBase"]
[SourceDate "2010.09.01"]
[SourceVersion "1"]
[SourceVersionDate "2010.09.01"]
[SourceQuality "1"]

1. d4 Nf6 2. Bf4 g6 3. Nf3 Bg7 4. Nbd2 d5 5. e3 0-0 6. Bd3 Bg4 7. h3 Bxf3 8. Nxf3 c6 9. 0-0 Nbd7 10. c3 Qb6 11. b4 Rfe8 12. a4 a5 13. Rb1 axb4 14. Rxb4 Qa7 15. Ne5 Nxe5 16. Bxe5 Nd7 17. Bxg7 Kxg7 18. f4 e6 19. Kh1 Reb8 20. Qe2 c5 21. Rb2 cxd4 22. cxd4 Rc8 23. Rfb1 Rc7 24. Qf3 Rac8 25. Kh2 Nf6 26. g4 Rc3 27. Qd1 R8c7 28. f5 exf5 29. gxf5 Re7 30. fxg6 hxg6 31. Rg2 Rxe3 0-1

[Event "Voronezh op-B 14th"]
[Site "Voronezh"]
[Date "2010.06.13"]
[Round "2"]
[White "Mednikov, Gennadiy"]
[Black "Lebedev, Aleksander"]
[Result "1-0"]
[WhiteElo "2235"]
[BlackElo "2065"]
[PlyCount "65"]
[EventDate "2010.06.12"]
[EventType "swiss"]
[EventRounds "9"]
[EventCountry "RUS"]
[SourceTitle "CBM 137 Extra"]
[Source "ChessBase"]
[SourceDate "2010.09.01"]
[SourceVersion "1"]
[SourceVersionDate "2010.09.01"]
[SourceQuality "1"]

1. d4 Nf6 2. Bf4 g6 3. e3 Bg7 4. Nf3 0-0 5. Nbd2 d6 6. h3 a6 7. Be2 c6 8. a4 Nbd7 9. 0-0 Qc7 10. Bh2 b6 11. e4 e5 12. Re1 Bb7 13. Bf1 b5 14. c3 Rfe8 15. Qc2 Nh5 16. dxe5 dxe5 17. c4 Qb6 18. b4 Nf4 19. c5 Qc7 20. Ra3 Nf8 21. Nb3 N8e6 22. Na5 Red8 23. g3 Nh5 24. Rd1 Rxd1 25. Qxd1 Rd8 26. Rd3 Nd4 27. Nxd4 exd4 28. g4 Nf4 29. Bxf4 Qxf4 30. Nxb7 Re8 31. Nd6 Re6 32. axb5 axb5 33. Qf3 1-0

[Event "Voronezh op-B 14th"]
[Site "Voronezh"]
[Date "2010.06.12"]
[Round "1"]
[White "Kozhevnikov, Evgraf"]
[Black "Mednikov, Gennadiy"]
[Result "0-1"]
[WhiteElo "1969"]
[BlackElo "2235"]
[PlyCount "54"]
[EventDate "2010.06.12"]
[EventType "swiss"]
[EventRounds "9"]
[EventCountry "RUS"]
[SourceTitle "CBM 137 Extra"]
[Source "ChessBase"]
[SourceDate "2010.09.01"]
[SourceVersion "1"]
[SourceVersionDate "2010.09.01"]
[SourceQuality "1"]

1. d4 d5 2. c4 Bf5 3. cxd5 Bxb1 4. Rxb1 Qxd5 5. a3 Nc6 6. Nf3 0-0-0 7. Be3 e5 8. dxe5 Qe4 9. Nd2 Qxe5 10. g3 Nf6 11. Bg2 Nd5 12. Bxd5 Qxd5 13. 0-0 Nd4 14. Bxd4 Qxd4 15. Nf3 Qe4 16. Nd2 Qg4 17. e3 Qh3 18. Qc2 h5 19. Rbc1 Rd7 20. Qa4 Rxd2 21. Qe8+ Rd8 22. Rxc7+ Kxc7 23. Rc1+ Bc5 24. Qe5+ Rd6 25. Rxc5+ Kd7 26. Rc1 Rc8 27. Qb5+ Kd8 0-1

[Event "Voronezh op 8th"]
[Site "Voronezh"]
[Date "2004.06.18"]
[Round "7"]
[White "Shishkin, Alexander"]
[Black "Mednikov, Gennadiy"]
[Result "0-1"]
[WhiteElo "2119"]
[BlackElo "2208"]
[PlyCount "56"]
[EventDate "2004.06.12"]
[EventType "swiss"]
[EventRounds "9"]
[EventCountry "RUS"]
[SourceTitle "EXT 2005"]
[Source "ChessBase"]
[SourceDate "2004.11.15"]
[SourceVersion "1"]
[SourceVersionDate "2004.11.15"]
[SourceQuality "1"]

1. e4 g6 2. d4 Bg7 3. Nc3 c6 4. a4 d6 5. Bc4 e6 6. Bb3 d5 7. Nf3 Ne7 8. 0-0 0-0 9. Bf4 Nd7 10. Qd2 dxe4 11. Nxe4 Nf5 12. c3 Qb6 13. Ra3 a5 14. Bc4 c5 15. g4 Ne7 16. Bd6 Qc6 17. Qe2 Nf6 18. Bxe7 Qxe4 19. Qxe4 Nxe4 20. Bxf8 Bxf8 21. Raa1 b6 22. Rfd1 Bb7 23. Be2 cxd4 24. Nxd4 Bc5 25. f3 Nf6 26. Rab1 e5 27. Kf1 exd4 28. cxd4 Bd6 0-1

[Event "Voronezh op 8th"]
[Site "Voronezh"]
[Date "2004.06.15"]
[Round "4"]
[White "Mednikov, Gennadiy"]
[Black "Ponkratov, Pavel"]
[Result "0-1"]
[WhiteElo "2208"]
[BlackElo "2407"]
[PlyCount "76"]
[EventDate "2004.06.12"]
[EventType "swiss"]
[EventRounds "9"]
[EventCountry "RUS"]
[SourceTitle "EXT 2005"]
[Source "ChessBase"]
[SourceDate "2004.11.15"]
[SourceVersion "1"]
[SourceVersionDate "2004.11.15"]
[SourceQuality "1"]

1. Nf3 Nf6 2. g3 Nc6 3. Bg2 e5 4. d3 d5 5. Nbd2 Bc5 6. 0-0 e4 7. Ne1 e3 8. fxe3 Bxe3+ 9. Kh1 Ng4 10. Ndf3 Nf2+ 11. Rxf2 Bxf2 12. e3 Bxe1 13. Qxe1 0-0 14. b3 Re8 15. Bb2 Bg4 16. Qd2 Qd7 17. Rf1 f6 18. Ng1 Ne7 19. h3 Be6 20. Kh2 c6 21. Nf3 Nf5 22. Nd4 Nxd4 23. Bxd4 Qd6 24. b4 b6 25. Bc3 Rac8 26. Qf2 Bd7 27. e4 dxe4 28. Bxe4 c5 29. b5 c4 30. Qf3 cxd3 31. Bd2 Rxc2 32. Rf2 Bxb5 33. Bxh7+ Kxh7 34. Qh5+ Kg8 35. Qxb5 Re5 36. Qa4 Qd5 37. a3 Qa2 38. Qb4 Rxd2 0-1

[Event "Voronezh op 8th"]
[Site "Voronezh"]
[Date "2004.06.14"]
[Round "3"]
[White "Nadeev, Sergey Vladimirovic"]
[Black "Mednikov, Gennadiy"]
[Result "1-0"]
[WhiteElo "2353"]
[BlackElo "2208"]
[PlyCount "85"]
[EventDate "2004.06.12"]
[EventType "swiss"]
[EventRounds "9"]
[EventCountry "RUS"]
[SourceTitle "EXT 2005"]
[Source "ChessBase"]
[SourceDate "2004.11.15"]
[SourceVersion "1"]
[SourceVersionDate "2004.11.15"]
[SourceQuality "1"]

1. e4 g6 2. d4 Bg7 3. Nc3 d6 4. Be3 c6 5. Qd2 b5 6. f3 Qa5 7. Bd3 Nd7 8. Nge2 Nb6 9. 0-0 Nc4 10. Bxc4 bxc4 11. Rfb1 Rb8 12. b3 cxb3 13. axb3 Qc7 14. e5 h6 15. exd6 exd6 16. Ne4 f5 17. N4g3 Nf6 18. c4 0-0 19. Bf4 c5 20. dxc5 Qxc5+ 21. Kh1 Rd8 22. Ra5 Qb4 23. Qa2 Nd7 24. Rd5 Nb6 25. Bd2 Nxd5 26. Bxb4 Nxb4 27. Qa5 Be6 28. Nf4 Bf7 29. h4 Be5 30. Nge2 Rdc8 31. Rd1 Rc5 32. Qa3 a5 33. g3 Nc2 34. Qa2 Ne3 35. Rd3 Nxc4 36. bxc4 Bxc4 37. Qa4 Bxd3 38. Nxd3 Rcb5 39. Kg2 Bg7 40. Nef4 Kh7 41. Nh3 Bf6 42. Qa2 Rb1 43. Qxa5 1-0

[Event "Voronezh op 8th"]
[Site "Voronezh"]
[Date "2004.06.13"]
[Round "2"]
[White "Burmakin, Vladimir"]
[Black "Mednikov, Gennadiy"]
[Result "1-0"]
[WhiteElo "2571"]
[BlackElo "2208"]
[PlyCount "109"]
[EventDate "2004.06.12"]
[EventType "swiss"]
[EventRounds "9"]
[EventCountry "RUS"]
[SourceTitle "EXT 2005"]
[Source "ChessBase"]
[SourceDate "2004.11.15"]
[SourceVersion "1"]
[SourceVersionDate "2004.11.15"]
[SourceQuality "1"]

1. d4 d5 2. Nf3 Bf5 3. c4 e6 4. e3 c6 5. Nc3 Nd7 6. Be2 Bd6 7. b3 Ngf6 8. Bb2 0-0 9. Nh4 Be4 10. 0-0 Ng4 11. Bxg4 Qxh4 12. g3 Qe7 13. f3 Bg6 14. f4 Bb4 15. Ne2 Nf6 16. Bf3 Be4 17. a3 Ba5 18. c5 Bxf3 19. Rxf3 Ne4 20. b4 Bc7 21. Nc3 f5 22. Nxe4 fxe4 23. Rf2 Kh8 24. h4 g6 25. Bc3 Kg7 26. Rb2 a6 27. a4 h6 28. b5 Rfb8 29. b6 Bd8 30. h5 Qf7 31. hxg6 Qxg6 32. Rh2 Bf6 33. Kf2 Rh8 34. Qh5 Rag8 35. Rah1 Kf8 36. Qxg6 Rxg6 37. Rh5 Kf7 38. Be1 Rh7 39. Kg2 Rh8 40. Bf2 Rh7 41. Kh3 Rhg7 42. Rg1 Rg8 43. g4 R8g7 44. Bh4 Ke7 45. g5 hxg5 46. fxg5 Bxd4 47. exd4 e5 48. dxe5 Ke6 49. Rd1 Kxe5 50. Bg3+ Kf5 51. Rf1+ Ke6 52. Kg4 d4 53. Rf8 e3 54. Re8+ Kd7 55. Re4 1-0